Born in Poznan - Statistics

General Stats
  • This quiz has been taken 13 times
    8 since last reset
  • The average score is 4 of 8
Answer Stats
Hint Answer % Correct
Rapper and frontman of Slums Attack 1976 Peja
86%
Footballer who plays for Sampdoria and the Polish national team 1992 Bartosz Bereszynski
71%
Leader of the German Army during World War I and President of Germany from 1925 until 1934, appointed Hitler as Chancellor 1847 Paul von Hindenburg
71%
Footballer who plays for Augsburg and the Polish national team 1998 Robert Gumny
71%
Former footballer who played for Bielefeld,Hertha BSC and the Polish national team 1977 Artur Wichniarek
57%
Tennis player and Australian Open Semifinalist 2023 1992 Magda Linette
29%
Director, "Corpus Christi" 1981 Jan Komasa
14%
President of the International Criminal Court 1956 Piotr Hofmanski
14%
No matching quizzes found
Score Distribution
Percent of People with Each Score
Percentile by Number Answered
Your Score History
You have not taken this quiz since the last reset